000 02079nam a2200457 c 4500
003 BLK
005 20250625171329.0
008 180408b bul|||||r ||||||| ||bul||
010 _aKNG00096236000
020 _a978-954-27-0415-7
_bиздат.: Егмонт България
040 _aBLK
041 _aBUL
_cBUL
080 _aАмериканска литература (на САЩ)
_b821.111(73)
_x-053.5-94
_z821.111(73)-053.5-94
080 _aДруги видове песни. Изпълнители
_b784.7.071.2
_x(73)(0:82-94)
_z784.7.071.2(73)(0:82-94)
080 _aДестини Хоуп Сайръс, американска певица и актриса
_b929 Сайръс, Майли
_x
_z929 Сайръс, Майли
100 1 _aСайръс, Майли
_eпърви автор
_gСайръс, Дестини Хоуп
_9118490
700 1 _aЛифтин, Хилари
_eсъавт.
_989199
700 1 _aСтоева, Анна
_eпрев.
_9274996
139 _aСайръс, Майли и др.
_bС 13
245 1 0 _aМайли Сайръс - Мечти по ноти
_cМайли Сайръс; съавт. Хилари Лифтин; прев. Анна Стоева.
257 _aUSA
260 София
_bЕгмонт България
_c2010
_fСофия : Лито Балкан
300 _a282 с., 8 л.
_bцв. фотогр.
_c23 см
380 _aDX
500 _aОриг. загл. Miles To Go / Miley Ray Cyrus.
600 1 4 _aСайръс, Майли
_9118490
650 4 _aСайръс, Майли
_9118490
650 4 _aАртисти, американски
_9250937
650 4 _aПевци
_9165915
651 4 _aСАЩ
_9179493
653 _aМайли Сайръс
653 _aамерикански актьори
653 _aпевци
653 _aбиографии
852 _aЦб 248178
856 4 _qpdf
_u
856 4 _qpdf
_u
942 _cKNG
_n0
_019
944 _aCR
_c20.05.2010
_lХристина Везирева
_k30535
944 _aED
_c07.06.2017
_lф /
_kЛюдмила_Стоянова
999 _c91479
_d91479